Advanced computer architecture / (Record no. 65950)

MARC details
000 -LEADER
fixed length control field 01073nam a22003017a 4500
005 - DATE AND TIME OF LATEST TRANSACTION
control field 20120502110419.0
008 - FIXED-LENGTH DATA ELEMENTS--GENERAL INFORMATION
fixed length control field 120502t xxu||||| |||| 00| 0 eng d
010 ## - LCCN (DPL NO)
LC control number ENG-105172
020 ## - INTERNATIONAL STANDARD BOOK NUMBER
International Standard Book Number 9788182093126
Terms of availability 300.00
020 ## - INTERNATIONAL STANDARD BOOK NUMBER
International Standard Book Number 8182093120
Terms of availability 300.00
035 ## - SYSTEM CONTROL NUMBER
System control number EN-88705
037 ## - SOURCE OF ACQUISITION
Source of stock number/acquisition DBAD/PUB
040 ## - CATALOGING SOURCE
Original cataloging agency dpl
Language of cataloging Eng
082 ## - DEWEY DECIMAL CLASSIFICATION NUMBER
Classification number 004.22
100 ## - MAIN ENTRY--PERSONAL NAME
Personal name Parthasarathy, K.A.
9 (RLIN) 12973
245 ## - TITLE STATEMENT
Title Advanced computer architecture /
Statement of responsibility, etc by K.A. Parthasarathy
250 ## - EDITION STATEMENT
Edition statement 3rd ed
260 ## - PUBLICATION, DISTRIBUTION, ETC. (IMPRINT)
Place of publication, distribution, etc Noida
Name of publisher, distributor, etc Vijay Nicole Imprints in collaboration with Tata McGraw Hill
Date of publication, distribution, etc 2012
270 ## - ADDRESS
Address B-4, Sector-63, Dist. Gautam Budh Nagar
City Noida
Postal code 201301
300 ## - PHYSICAL DESCRIPTION
Extent xvi,374p.
Dimensions 24cm(pbk)
500 ## - GENERAL NOTE
General note Includes index
650 ## - SUBJECT ADDED ENTRY--TOPICAL TERM
9 (RLIN) 26073
Topical term or geographic name as entry element Computer architecture
650 ## - SUBJECT ADDED ENTRY--TOPICAL TERM
Topical term or geographic name as entry element High performance computing
9 (RLIN) 46167
650 ## - SUBJECT ADDED ENTRY--TOPICAL TERM
Topical term or geographic name as entry element Parallel computers
9 (RLIN) 46168
700 ## - ADDED ENTRY--PERSONAL NAME
9 (RLIN) 26036
942 ## - ADDED ENTRY ELEMENTS (KOHA)
Source of classification or shelving scheme Dewey Decimal Classification
Item type English Books
Call number suffix PAR
Classification part 004.22
Holdings
Withdrawn status Lost status Source of classification or shelving scheme Damaged status Not for loan Collection code Home library Current library Date acquired Source of acquisition Cost, normal purchase price Total Checkouts Full call number Barcode Date last seen Copy number Cost, replacement price Koha item type
    Dewey Decimal Classification   Not For Loan Non-fiction D.B.Act.Division D.B.Act.Division 02/05/2012 DBAD/PUB 300.00   004.22 PAR EN-88705 02/05/2012 1 300.00 English Books

© Delhi Public Library
Hit Counter
free hit counter